000 00346nam a22001457a 4500
008 230906b ||||| |||| 00| 0 eng d
020 _a2800521382078
041 _aeng
080 _2FIRST PUBLISHED 1990
_a159.9
082 _a159.9FRA
100 _a25
101 _aPSI
245 _aEXPERIMENT RIGHT OR WRONG
_cFRANKLIN .A
942 _2udc
_cBK
999 _c60259
_d60259